1577 1438 1319 1235 1428 1002 1896 1327 1378 1311 1288 1440 1625 1939 1023 1401 1686 1550 1790 1431 1130 1527 1171 1926 1376 1670 1414 1204 1625 1871 1982 1247 1111 1673 1583 1118 1538 1739 1499 1259 1902 1539 1038 1355 1887 1311 1498 1535 1357 1509 1311 1653 1273 1559 1056 1648 1747 1274 1931 1449 1855 1684 1320 1962 1426 1617 1098 1587 1662 1145 1964 1678 1981 1496 1581 1728 1706 1789 1631 1702 1220 1795 1588 1692 1526 1969 1631 1200 1598 1524 1641 1616 1664 1371 1154 1351 1391 1694 1527 BCNSPRNW ULIB Ver.6.0+V

เปลี่ยนเป็นภาษาไทย

Change to English
 แสดงรายละเอียดบรรณานุกรม
  กลับหน้าหลัก

Brief Record : Get Marc (ISO 2709) : E-mail record : QR code < ปิดหน้าต่าง
LEADER : 00000nam 2200000uu 4500
001    13399120789
003     ULIB
008    121017s2551||||th 000 0 tha d
020    9789744915412
050  4 BF481^bล711ย
100 0  ลูกปัด
245 00 ยิ้มให้กับชีวิต^cลูกปัด
260    กรุงเทพฯ :^b ใยไหม,^c2551
945    ^p159^l0^i024424
999    ^aใช้งานได้ทุกระบบ
รายการนี้ยังไม่มีแท็ก
คุณยังไม่ได้ล็อกอิน คุณสามารถมีกิจกรรมร่วมกับเว็บไซต์ได้ แต่ต้องล็อกอินก่อน ::
  ล็อกอิน

รายการสื่อสารสนเทศ

ลำดับที่ ประเภท เลขเรียก/บาร์โค้ด สถานที่ สถานะ
1. การศึกษาทั่วไป
การศึกษาทั่วไป
BF481 ล711ย  
  Barcode: 024424
ห้องสมุดวิทยาเขตสวรรค์ประชารักษ์
►หนังสือทั่วไป
บนชั้น

BibComment


ยังไม่เคยถูกคอมเมนท์

คอมเมนท์ทรัพยากรรายการนี้
  คอมเมนท์: ยิ้มให้กับชีวิต ล..


 Copyright 2026. Bcnsprnw @Library